Daniel Hale Williams : (Record no. 8950)

MARC details
000 -LEADER
fixed length control field 01841cam a2200445 a 4500
001 - CONTROL NUMBER
control field 8950
003 - CONTROL NUMBER IDENTIFIER
control field FISKH
005 - DATE AND TIME OF LATEST TRANSACTION
control field 20251111094223.0
008 - FIXED-LENGTH DATA ELEMENTS--GENERAL INFORMATION
fixed length control field 090721s2010 nyua j 001 0beng
010 ## - LIBRARY OF CONGRESS CONTROL NUMBER
LC control number 2009030221
020 ## - INTERNATIONAL STANDARD BOOK NUMBER
International Standard Book Number 9780531237298
Qualifying information lib. bdg.
020 ## - INTERNATIONAL STANDARD BOOK NUMBER
International Standard Book Number 9780531223505
020 ## - INTERNATIONAL STANDARD BOOK NUMBER
International Standard Book Number 053123729X
Qualifying information lib. bdg.
040 ## - CATALOGING SOURCE
Original cataloging agency DLC
Transcribing agency DLC
Modifying agency DLC
Language of cataloging eng
050 00 - LIBRARY OF CONGRESS CALL NUMBER
Classification number RD27.35.W54
Item number V564 2010
082 00 - DEWEY DECIMAL CLASSIFICATION NUMBER
Classification number 617.092
-- B
Edition number 22
100 1# - MAIN ENTRY--PERSONAL NAME
Personal name Venezia, Mike.
245 10 - TITLE STATEMENT
Title Daniel Hale Williams :
Remainder of title surgeon who opened hearts and minds /
Statement of responsibility, etc. written and illustrated by Mike Venezia.
260 ## - PUBLICATION, DISTRIBUTION, ETC.
Place of publication, distribution, etc. New York :
Name of publisher, distributor, etc. Scholastic,
Date of publication, distribution, etc. 2010.
300 ## - PHYSICAL DESCRIPTION
Extent 32 pages :
Other physical details color illustrations ;
Dimensions 25 cm
336 ## - CONTENT TYPE
Content type term text
Content type code txt
Source rdacontent
337 ## - MEDIA TYPE
Media type term unmediated
Media type code n
Source rdamedia
338 ## - CARRIER TYPE
Carrier type term volume
Carrier type code nc
Source rdacarrier
490 1# - SERIES STATEMENT
Series statement Getting to know the world's greatest inventors & scientists
500 ## - GENERAL NOTE
General note Includes index.
520 ## - SUMMARY, ETC.
Summary, etc. A biography of African American surgeon Dr. Daniel Hale Williams, who founded the first non-segregated hospital in the U.S. and who pioneered performing surgery on the lining around the heart.
521 1# - TARGET AUDIENCE NOTE
Target audience note 008-012.
600 10 - SUBJECT ADDED ENTRY--PERSONAL NAME
Personal name Williams, Daniel Hale,
Dates associated with a name 1856-1931
Form subdivision Juvenile literature.
600 11 - SUBJECT ADDED ENTRY--PERSONAL NAME
Personal name Williams, Daniel Hale,
Dates associated with a name 1856-1931.
650 #0 - SUBJECT ADDED ENTRY--TOPICAL TERM
Topical term or geographic name entry element African American surgeons
Form subdivision Biography
-- Juvenile literature.
650 #0 - SUBJECT ADDED ENTRY--TOPICAL TERM
Topical term or geographic name entry element Surgeons
Geographic subdivision United States
Form subdivision Biography
-- Juvenile literature.
650 #1 - SUBJECT ADDED ENTRY--TOPICAL TERM
Topical term or geographic name entry element African Americans.
650 #1 - SUBJECT ADDED ENTRY--TOPICAL TERM
Topical term or geographic name entry element Surgeons.
655 #7 - INDEX TERM--GENRE/FORM
Genre/form data or focus term Literature.
Source of term lcgft
Authority record control number or standard number https://id.loc.gov/authorities/genreForms/gf2014026415
655 #7 - INDEX TERM--GENRE/FORM
Genre/form data or focus term Biographies.
Source of term lcgft
Authority record control number or standard number https://id.loc.gov/authorities/genreForms/gf2014026049
800 1# - SERIES ADDED ENTRY--PERSONAL NAME
Personal name Venezia, Mike.
Title of a work Getting to know the world's greatest inventors & scientists.
906 ## - LOCAL DATA ELEMENT F, LDF (RLIN)
a 7
b cbc
c orignew
d 1
e ecip
f 20
g y-gencatlg
942 ## - ADDED ENTRY ELEMENTS (KOHA)
Source of classification or shelving scheme Dewey Decimal Classification
Koha item type Books
Suppress in OPAC No
Holdings
Withdrawn status Lost status Source of classification or shelving scheme Damaged status Not for loan Collection Home library Current library Shelving location Date acquired Total Checkouts Full call number Barcode Date last seen Copy number Price effective from Koha item type
    Dewey Decimal Classification     Non-Fiction Footprints International School Library Network Toul Tom Poung Campus Footprints International School Library Network Toul Tom Poung Campus TTP Secondary Non-Fiction Bookshelves 11/11/2025   VEN 617.092 RD27.W54 V564 FISSE00814 11/11/2025 1 11/11/2025 Books
    Dewey Decimal Classification     Non-Fiction Footprints International School Library Network Toul Tom Poung Campus Footprints International School Library Network Toul Tom Poung Campus TTP Secondary Non-Fiction Bookshelves 11/20/2025   VEN 617.092 RD27.W54 V564 FIS04741 11/20/2025 2 11/20/2025 Books